| 000 | 00899nam a2200289Ia 4500 | ||
|---|---|---|---|
| 001 | dia_3568 | ||
| 003 | CHAP | ||
| 005 | 20251023172303.0 | ||
| 008 | 220117s2002 xx 000 0 und d | ||
| 010 | _a174029 | ||
| 020 | _a968-24-6494-3 | ||
| 040 | _cCHAP | ||
| 082 | _a519.5 R42 2002 | ||
| 100 |
_aRebolledo Robles, Héctor Hugo _994964 |
||
| 245 |
_aManual de SAS por computadora y análisis estadístico de datos experimentales / _c Hector Hugo Rebolledo Robles |
||
| 260 |
_aMéxico : _b Trillas, _c2002 |
||
| 300 | _a208 p. | ||
| 503 | _aC/e | ||
| 504 | _aBibliografía: p. 195 | ||
| 650 |
_aAnálisis Estadístico _95984 |
||
| 650 |
_aEstadísticas _9154924 |
||
| 650 |
_aLenguajes de programación _xSAS(programación) _9154925 |
||
| 901 | _a519.5 R42 2002 | ||
| 902 | _aM | ||
| 905 | _a5232272002 mx mn 8222223322spa16 | ||
| 942 |
_cLIBRO _2ddc |
||
| 999 |
_c174029 _d174029 |
||